00661 a2200181 4500003000500000005001700005010001600022020001500038040000900053082001100062100002600073245006000099260005300159300003400212505018000246650002300426700003000449Nust20221110123403.0 a 90035456 a013005562x cNust00a512.021 aDummit, David Steven.10aAbstract algebra / cDavid S. Dummit, Richard M. Foote. aEnglewood Cliffs, N.J. :bPrentice Hall,cc1991. axiv, 658 p. :bill. ;c24 cm. aGroups Theory (Page-13), Modules and Vector Spaces (Page-314), Field Theory Ad Galois Theory (Page-421), Introduction to The Representation Theory Of Finite Groups (Page-569). 0aAlgebra, Abstract.1 aFoote, Richard M.,d1950-